[Event "ARG-World"]
[Site "Buenos Aires"]
[Date "1994.??.??"]
[Round "5"]
[White "Mascarinas, Rico"]
[Black "Campora, Daniel Hugo"]
[Result "0-1"]
[WhiteElo "2410"]
[BlackElo "2535"]
[Annotator "Ftacnik,L"]
[PlyCount "88"]
[EventDate "1994.04.??"]
[EventType "schev"]
[EventRounds "10"]
[EventCountry "ARG"]
[SourceTitle "CBM 042"]
[Source "ChessBase"]
[SourceDate "1994.10.01"]
[SourceVersion "1"]
[SourceVersionDate "1994.10.01"]
[SourceQuality "1"]

1. d4 d5 2. c4 e6 3. Nc3 Nf6 4. cxd5 Nxd5 5. e4 Nxc3 6. bxc3 c5 7. Rb1 cxd4 8.
cxd4 Be7 9. Nf3 O-O 10. Bd3 $6 {x d4} (10. Be2) 10... Nc6 11. Qa4 a6 12. O-O
Bd7 13. Qd1 (13. Rxb7 $2 Ne5 14. Qd1 Nxd3 15. Qxd3 Bb5 $17) 13... Nb4 14. Bc4 (
14. Be2 Nxa2 15. Bd2 a5 $40) 14... Rc8 15. Ne5 Rxc4 $1 16. Nxc4 Bb5 17. Ba3
Bxc4 18. Bxb4 Bxb4 19. Rxb4 Bxf1 20. Qxf1 b5 21. Qd1 f5 (21... Qa5 $5 22. Rb2
Rc8) 22. d5 (22. f3) 22... fxe4 23. d6 Qf6 $1 $17 24. Qd4 (24. Qe1 Rd8 $17)
24... Qxd4 25. Rxd4 Rd8 26. d7 Kf7 27. Rd6 a5 28. Kf1 a4 29. Ke2 Ke7 30. Rb6
Rxd7 31. Rxb5 Rd3 32. Rb4 Ra3 33. Rxe4 (33. Rb2 Kf6 $17) 33... Rxa2+ 34. Kf3
Kd6 35. Rg4 g6 36. Rb4 Kc5 37. Rb7 Rd2 38. Rxh7 a3 39. Ra7 a2 40. h4 Kb4 41.
Ke3 Rc2 42. Kd4 Rc4+ 43. Kd3 Rc3+ 44. Kd4 e5+ 0-1

[Event "IBM-18 Grootmeestergroep A"]
[Site "Amsterdam"]
[Date "1978.07.??"]
[Round "5"]
[White "Timman, Jan H"]
[Black "Nikolac, Juraj"]
[Result "1-0"]
[WhiteElo "2585"]
[BlackElo "2495"]
[Annotator "Gagarin,V"]
[PlyCount "73"]
[EventDate "1978.07.13"]
[EventType "tourn"]
[EventRounds "13"]
[EventCountry "NED"]
[EventCategory "12"]
[SourceTitle "MCL"]
[Source "ChessBase"]
[SourceDate "1999.07.01"]
[SourceVersion "1"]
[SourceVersionDate "1999.07.01"]
[SourceQuality "1"]

1. d4 d5 2. c4 e6 3. Nc3 Nf6 4. Bg5 Nbd7 5. cxd5 exd5 6. e3 Be7 7. Bd3 Nf8 8.
Qc2 Ne6 9. Bh4 g6 10. Nf3 (10. Nge2 $14) 10... Ng7 (10... O-O 11. O-O (11. h3
c5 12. dxc5 d4 13. exd4 Nxd4 $10 {Portisch,L-Letzelter,J/Monte Carlo/1968/0:1/
42/}) 11... Ng7 (11... c6 12. Rab1 Ng4 13. Bxe7 Qxe7 14. h3 Nh6 15. Rbe1 (15.
b4 Ng5) 15... f5 16. Ne2 Nf7 17. Nf4 $14 {Timman,J-Ljubojevic,L/Amsterdam/1986/
0,5/46/}) 12. Bxf6 Bxf6 13. b4 $14) 11. b4 $1 (11. h3 c6 12. g4 h5 13. O-O-O
hxg4 14. hxg4 Nxg4 15. Bxe7 Kxe7 16. e4 $44 {Pytel,K-Sydor,A/POL(ch)/1980/0,5/
28/}) 11... a6 12. O-O O-O 13. a4 $14 Nf5 (13... Bxb4 $4 14. Bxf6 Qxf6 15. Nxd5
Qd6 16. Nxc7 $16) 14. Bg5 Be6 15. b5 a5 $6 (15... axb5 16. axb5 Rxa1 17. Rxa1
h6 18. Bf4 $140 Nh5 $14) 16. Ne2 Ng7 (16... Rc8 17. Nf4 c5 18. bxc6 Rxc6 19.
Qb3 $14) 17. Rfc1 Rc8 18. Ne5 Bf5 19. Nf4 Qd6 (19... Bxd3 20. Nexd3 Re8 21. Qa2
c6 (21... Ngh5 $5 $14) 22. bxc6 bxc6 23. Ne5 $14) 20. Qb3 Rfd8 $2 (20... Rfe8
$1 21. Bxf5 (21. Nc6 $2 bxc6 22. Rxc6 Qd8 23. Bxf5 Nxf5 24. Bxf6 Bxf6 25. Nxd5
Re6 $17) (21. Rc5 $5 $14) 21... Nxf5 22. Bxf6 (22. Rc5 Ne4 $1 23. Rxd5 Qb4 24.
Qxb4 axb4 25. Bxe7 Nxe7 $1 $13) 22... Bxf6 23. Qxd5 Bxe5 24. dxe5 Qxe5 25. Qxb7
Nxe3 $1 26. Nxg6 (26. Nd3 Qd6 $13) 26... hxg6 27. fxe3 Qxe3+ 28. Kh1 $14) 21.
Bxf5 (21. Nc6 $5 Bxd3 22. Nxd3 bxc6 23. Rxc6 Qd7 24. Bxf6 Bxf6 25. Rxf6 $18)
21... Nxf5 22. Nc6 $1 Rd7 23. Nxa5 Rb8 24. Bxf6 $1 (24. Qa2 Ne4 25. Bxe7 Nxe7
$16) (24. Nxb7 $2 Rxb7 25. Bxf6 Bxf6 26. Rc6 Qxc6 $1 27. bxc6 Rxb3 28. cxd7 c6
$13) 24... Bxf6 25. Nd3 $18 {/\ Qb4,Nb3/} Re7 26. Qb4 Qd8 27. Nb3 $1 {/\
Nd2-f1 ׻/} (27. Nc5 Qc8 28. Ncxb7 Rxb7 29. Nxb7 Qxb7 30. a5 $16) 27... Bg5 28.
Rc2 Qf8 29. Nd2 Qh6 30. Nf1 Qh4 31. Qb3 $1 {>< d5/} (31. Rac1 Nxd4 $5 32. exd4
Bxc1 33. Rxc1 Rbe8 $16) 31... Rd8 32. a5 {o^a/} Qg4 33. h3 Qh5 34. a6 bxa6 35.
bxa6 Bf6 $6 36. Nf4 Qg5 37. Nxd5 1-0

[Event "Linares 12th"]
[Site "Linares"]
[Date "1994.??.??"]
[Round "6"]
[White "Gelfand, Boris"]
[Black "Kasparov, Garry"]
[Result "1/2-1/2"]
[WhiteElo "2685"]
[BlackElo "2800"]
[Annotator "Gelfand,B"]
[PlyCount "97"]
[EventDate "1994.02.??"]
[EventType "tourn"]
[EventRounds "13"]
[EventCountry "ESP"]
[EventCategory "18"]
[SourceTitle "CBM 041"]
[Source "ChessBase"]
[SourceDate "1994.08.01"]
[SourceVersion "1"]
[SourceVersionDate "1994.08.01"]
[SourceQuality "1"]

1. d4 {Hansen,Cu} d5 2. c4 e6 3. Nc3 Be7 4. cxd5 exd5 5. Bf4 Nf6 6. e3 Bf5 7.
Nge2 (7. Qb3 {Hansen,Cu} Nc6 (7... Bc8 8. Bb5+ c6 9. Bxb8 cxb5 10. Be5 a6 11.
Bxf6 Bxf6 12. Nxd5 Bxd4 13. O-O-O Bf6 $15 {Wong Meng Kong-Sunthornpongsathorn,
V/Novi Sad olm/1990/}) 8. Qxb7 (8. Nf3 Na5 9. Qd1 O-O 10. Be2 c6 11. O-O Nc4
$10 {Hort,V-Kotronias,V/Dortmund/1989/}) (8. a3 Rb8 9. Nf3 O-O 10. Be2 h6 11.
O-O Be6 12. Nd2 Bd6 13. Bxd6 cxd6 $14 {Georgiev,Ki-Kotronias,V/Korfu/1991/})
8... Nb4 9. Bb5+ (9. Rc1 O-O 10. a3 (10. Qxc7 Qxc7 11. Bxc7 Rac8 $44 {
Rastianis,G-Ubilava,E/USSR/1983/}) 10... Nc2+ 11. Rxc2 Bxc2 12. Bxc7 Qc8 13.
Ba6 Qxb7 14. Bxb7 Rab8 $44 {Ehlvest,J-Jusupov,A/Linares/1991/}) 9... Kf8 10.
Kd2 (10. Rd1 a6 (10... Ne4 11. Ba4 Nxc3 12. bxc3 Nd3+ 13. Rxd3 Bxd3 14. Bxc7
Ba6 15. Qxa6 Qxc7 16. Ne2 $16 {Chernin,A-Dutreeuw,M/EUCup/1993/}) 11. Ba4 Nd3+
12. Rxd3 Bxd3 13. Bxc7 Qc8 $13 {Gofstein,L-Ubilava,E/USSR/1983/}) 10... Ne4+ (
10... a6 11. Ba4 Nd3 (11... c5 12. Bc7 Qc8 13. Qxc8+ Rxc8 14. Bb6 c4 15. Ba5
Rb8 16. Bxb4 Bxb4 17. f3 Ba5 18. Kc1 $16 {Olafsson,H-Thorsteins,K/Akureyri/
1988/}) 12. Bxc7 Qc8 13. Qxc8+ Rxc8 14. Ba5 Nxf2 (14... Nxb2 15. Bb3 Ba3 16. f3
$16 {Karolyi,jr T-Dutreeuw,M/London Haringay/1989/}) 15. Rf1 N2e4+ 16. Nxe4
Nxe4+ 17. Ke2 Nd6 18. Nf3 $16 {Salov,V-Timoshchenko,G/Irkutsk/1986/}) 11. Nxe4
Bxe4 12. Bxc7 Qc8 13. Qxc8+ Rxc8 14. f3 $14 {Thorsteins,K-Zaitsev,I/Protvino
II/1988/}) (7. h3 {Hansen,Cu} O-O 8. Nf3 a6 9. Rc1 Bd6 10. Be5 c6 11. Qb3 $14 {
Adorjan,A-Thorsteins,K/Reykjavik op/1988/}) 7... O-O (7... c6 {Hansen,Cu} 8.
Ng3 Bg6 9. h4 (9. Bd3 Bxd3 10. Qxd3 g6 11. O-O O-O 12. f3 $14 {Knaak,R-Ubilava/
Camaguey/1987/}) 9... Qb6 10. Qd2 h5 11. Bd3 Bxd3 12. Qxd3 g6 13. O-O-O Qa6 14.
Rhe1 (14. e4 O-O 15. Bg5 dxe4 16. Ngxe4 Qxd3 17. Rxd3 Nxe4 18. Nxe4 f6 19. Bf4
$14 {Kozlov,VA-Klovan,Y/Frunze/1988/}) 14... Qxd3 15. Rxd3 O-O 16. e4 $14 {
Chekhov,V-Klovan,J/Frunze/1988/}) 8. Ng3 (8. Rc1 {Hansen,Cu} c6 9. Ng3 (9. h3
Nbd7 10. g4 Be4 11. Rg1 Bf3 12. Rg3 Bxe2 13. Bxe2 Ne4 14. Rg2 Bg5 $13 {Mohr,
S-Kotronias,V/Debrecen/1989/}) 9... Be6 10. Bd3 Re8 11. Qb3 Qb6 12. Qc2 Nbd7
13. O-O g6 $10 {Kasparov,G-Karpov,A/Sevilla m(12)/1987/}) 8... Be6 (8... Bg6 {
Hansen,Cu} 9. h4 h6 10. h5 Bh7 11. Bd3 Bxd3 12. Qxd3 c5 13. O-O-O $14 {Chekhov,
V-Zaitsev,I/Protvino II/1988/}) 9. Bd3 c5 (9... g6 {Hansen,Cu} 10. O-O c5 11.
dxc5 Bxc5 12. Nb5 Nc6 13. Rc1 Bb6 14. Qa4 Nd7 $13 {Vaiser,A-Dutreeuw,M/
Brussels-Z/1993/}) 10. dxc5 Bxc5 11. O-O Nc6 12. Rc1 Bd6 13. Nge2 $1 $146 (13.
Nh5 {Hansen,Cu} Be7 14. Nb5 $14 {Kasparov,G-Jusupov,A/Linares/1993/}) 13... Rc8
(13... d4 14. Bxd6 Qxd6 15. Nb5 $16) (13... Bxf4 14. Nxf4 d4 15. Nxe6 fxe6 16.
exd4 Nxd4 17. Bb1 $14) 14. Bb1 Bxf4 (14... a6 $5) 15. Nxf4 Bg4 (15... Qd6 16.
Nb5 Qe5 $14) (15... d4 {Hansen,Cu} 16. Nxe6 fxe6 17. exd4 Nxd4 $14) 16. f3 (16.
Qd3 {G.Kasparov} d4 17. Ncd5 g6 $13) 16... Be6 17. Qd2 Qe7 (17... d4 18. Nxe6
fxe6 19. exd4 $14) 18. Nb5 (18. Rfd1 {Hansen,Cu} Rfd8 {/\d5-d4}) 18... a6 (
18... Rfd8) 19. Nd4 Ne5 (19... Bd7) 20. b3 Bd7 21. g4 Ng6 (21... h6 22. h4 $36)
(21... Be6 22. g5 Nfd7 $14) 22. Ng2 (22. g5 {Hansen,Cu} Nxf4 23. exf4 Nh5 $13)
22... Ne8 (22... Rfd8 $14) (22... Rxc1 $5 {Hansen,Cu} 23. Rxc1 Ne8) 23. Rxc8
Bxc8 24. Rc1 Nd6 $2 (24... Bd7 $16) 25. Bxg6 $1 (25. Qa5 Be6 26. Rc7 $16) (25.
Qb4 $5 {Hansen,Cu /\h2-h4} f5 26. gxf5 Bxf5 (26... Nxf5 27. Rxc8 $16) 27. Bxf5
Nxf5 28. Qxe7 Ngxe7 29. Ne6 $14) 25... hxg6 (25... fxg6 26. Nf4 Qf7 27. Qb4 $18
Nb5 28. Nxb5 axb5 29. Qd6 $18) 26. Nf4 $18 Re8 27. Nxd5 Qg5 28. Nf4 Qe5 29. Ng2
(29. Re1 $5 {Hansen,Cu}) (29. Kf2 $2 {Hansen,Cu} Bxg4) (29. e4 $1 {Hansen,Cu
><d5} Rd8 30. Nde2 $14) 29... g5 (29... Bd7) 30. Qb4 Nb5 (30... Qf6 31. Qb6)
31. Nxb5 axb5 32. Qd4 Qe7 (32... Qxd4 {Hansen,Cu} 33. exd4 $16 {/\Kf2,Ne3}) 33.
Qc5 Qf6 34. Qxb5 Rd8 35. Qe2 Be6 (35... Qd6 $5 36. Rc4 $1 Qd1+ 37. Qxd1 Rxd1+
38. Kf2 Rd2+ 39. Kg3 Be6 40. Rb4 Rxa2 41. Rxb7 Rb2 42. b4 Bc4 43. e4 $18) 36.
Qf2 (36. Rd1 $1 Rc8 (36... Rxd1+ 37. Qxd1 Qb2 38. Qd8+ Kh7 39. Qxg5 Qb1+ 40.
Kf2 Qxa2+ 41. Kg3 Qxb3 $16) 37. Qf2) (36. Ne1 $1 Qe5 37. Nd3 Qb5 38. Rc3 $18)
36... Rd3 37. h4 gxh4 38. Nxh4 g5 39. Ng2 Qe5 40. Qc2 $4 $138 (40. e4 Qd6 41.
Re1 Rd2 42. Re2 Rd1+ 43. Ne1 Bd7 (43... Qf4 44. Kg2 Qc1 45. Kh3 $1 b5 46. Qe3
Qxe3 47. Rxe3 Rd2 48. a3 $18) 44. e5 Qe7 45. Qe3 $18) 40... Qd6 41. Ne1 (41.
Qc7 $4 Rd1+ 42. Kf2 Qd2+ $19) (41. Qb2 Bd7 $1 $40 (41... Rd2 42. Qf6 Rxg2+ 43.
Kxg2 Qd2+ 44. Kg3 Qxc1 45. Qxg5+ $10)) 41... Rxe3 (41... Rd2 {Hansen,Cu} 42.
Qc7 Qb4 43. Nc2 $16) 42. Qf2 Qe5 (42... Re5 43. Ng2 $14) 43. Ng2 Re2 (43... Rd3
44. Re1 $14) 44. Re1 Rxf2 45. Rxe5 Rxf3 (45... Rxa2 $2 {Hansen,Cu} 46. Rxg5+
Kf8 47. Rb5 $14) 46. Ne3 (46. Rxg5+ Kf8 47. Rb5 Rg3 48. Kf2 Rxg4 49. Ne3 Rd4
$10) 46... Bd7 47. Rxg5+ Kf8 48. Nf5 Bxf5 49. gxf5 1/2-1/2

[Event "Wch U20"]
[Site "Yerevan"]
[Date "1999.09.20"]
[Round "3"]
[White "Gershon, Alik"]
[Black "Rizouk, Aimen"]
[Result "1-0"]
[WhiteElo "2492"]
[BlackElo "2312"]
[Annotator "Gershon,A"]
[PlyCount "84"]
[EventDate "1999.09.18"]
[EventType "swiss"]
[EventRounds "13"]
[EventCountry "ARM"]
[SourceTitle "CBM 072 Extra"]
[Source "ChessBase"]
[SourceDate "1999.11.18"]
[SourceVersion "1"]
[SourceVersionDate "1999.11.18"]
[SourceQuality "1"]

1. d4 Nf6 2. c4 e6 3. Nc3 d5 4. Bg5 Be7 5. cxd5 exd5 6. Qc2 (6. e3 O-O 7. Bd3
Nbd7 8. Nge2 Re8 9. Qc2 Nf8 10. O-O-O Be6 11. Kb1 Ng4 12. Bxe7 Qxe7 13. Nf4 Nf6
14. f3 c5 15. g4 cxd4 16. exd4 Qd6 17. Qd2 a6 18. Nce2 Re7 19. Ng3 Ng6 20. Ng2
Nd7 21. Rhg1 Ree8 22. Rdf1 Ngf8 23. Ne3 $40 {1-0 Kasparov,G-Campora,D/
Thessaloniki 1988/TD (36)}) 6... O-O 7. e3 Nbd7 (7... c5 8. dxc5 Qa5 9. Bd3 h6
10. Bxf6 Bxf6 11. Nge2 Nc6 12. O-O Qxc5 13. Rac1 Rd8 14. Rfd1 Bg4 15. Bh7+ Kh8
16. Bf5 Bxe2 17. Nxe2 Qxc2 18. Rxc2 g6 19. Bh3 d4 20. exd4 Nxd4 21. Nxd4 Bxd4
$11 {1/2-1/2 Rogozenko,D-Ginsburg,G/Nikolaev 1993/CBM 35 (28)}) 8. Bd3 (8. Nf3
b6 9. Be2 Bb7 10. O-O h6 11. Bh4 c5 12. Rfd1 a6 13. Rac1 Rc8 14. Ne5 cxd4 15.
Nxd7 dxc3 16. Nxf8 cxb2 17. Qxb2 Kxf8 18. Rxc8 Bxc8 19. Bxf6 Bxf6 20. Qb3 {
1-0 Cvetkovski,S-Vujosevic,V/Niksic 1997/CBM 59 ext (20)}) 8... b6 9. Nge2 Bb7
10. f3 Re8 11. O-O c5 12. Bh4 a6 13. Bf2 b5 14. dxc5 (14. a3 c4 15. Bf5 g6 16.
Bh3 Bf8 $15) 14... Bxc5 15. Nd4 Ne5 16. b3 Rc8 17. Bf5 Rc7 (17... Bxd4 18. exd4
b4 19. Bxc8 Qxc8 20. dxe5 $18) 18. Qb2 (18. Qd2 Bb4 19. Rac1) 18... Qe7 19.
Rad1 (19. a3 Bxa3 20. Rxa3 Rxc3 21. Qxc3 Qxa3 (21... b4 $17)) 19... Ba3 20. Qa1
Nc6 21. Nc2 Bd6 22. f4 $5 (22. Nxd5 Nxd5 23. Rxd5 Ne5 24. Rd2 Bxf3 (24... Qg5
$5 $40) 25. Bg3 Bb7 26. Rfd1 $13) 22... g6 23. Bh4 Nb4 $2 (23... gxf5 $5 24.
Nxd5 (24. Nxb5 axb5 25. Bxf6 Qe4 26. Rf3 Qxc2 27. Rg3+ Kf8 28. Bh4 d4 $19) (24.
Ne2 d4 25. Ng3 Qe6 26. exd4 Ne7 $19) 24... Nxd5 25. Bxe7 Ncxe7 26. Qb2 $13 {
[%cal Gf1f3] with an unbalanced position in which the weakness of black king
should be a factor}) 24. Ne4 $1 dxe4 25. Bxf6 Rxc2 $2 (25... Qf8 26. Nxb4 Bxb4
27. Bd7 Ra8 28. f5 $36) 26. Bxe7 Bxe7 27. Bd7 Rf8 28. Qe5 $4 (28. Rc1 Rxa2 29.
Qd4 $18 {[%cal Gf4f5,Gc1c7]}) 28... Bc5 $132 29. f5 Bxe3+ 30. Kh1 Nd3 31. Qe7
Nf2+ 32. Rxf2 Bxf2 33. Be8 (33. Bxb5 axb5 34. Qxb7 e3 $19) 33... Bd5 $2 (33...
e3 34. Bxf7+ (34. f6 Bd5 $19) (34. Qxb7 Rxe8 $19) (34. fxg6 Bxg2+ $19) 34...
Rxf7 35. Rd8+ Kg7 36. Qe5+ Kh6 37. Qf4+ Kh5 38. h3 Rxf5 39. Qg4+ Kh6 $19) 34.
h4 Bg3 35. fxg6 hxg6 (35... fxg6 36. Bxg6 hxg6 37. Qg5 Bf7 38. Qxg3 $14) 36.
Qg5 e3 $2 $138 (36... Rxe8 37. Qxg3 (37. Qxd5 e3 $19) 37... e3 $19 {[%csl Gg2]}
) 37. Bxf7+ $1 Rxf7 $4 $138 (37... Bxf7 38. Qxg3 e2 39. Re1 Rxa2 40. h5 $15)
38. Qxg6+ Kh8 39. Qxc2 Rf4 40. Qc3+ Kh7 41. Qxe3 Rxh4+ 42. Kg1 Bh2+ (42... Bh2+
43. Kf2 Rf4+ 44. Qxf4 Bxf4 45. Rxd5 $18) 1-0

[Event "Beersheba-St Petersburg"]
[Site "Beersheba"]
[Date "1998.03.03"]
[Round "1"]
[White "Ivanov, Sergey"]
[Black "Golod, Vitali"]
[Result "1/2-1/2"]
[WhiteElo "2570"]
[BlackElo "2535"]
[Annotator "Golod,V"]
[PlyCount "52"]
[EventDate "1998.03.03"]
[EventType "schev"]
[EventRounds "12"]
[EventCountry "ISR"]
[SourceTitle "CBM 064"]
[Source "ChessBase"]
[SourceDate "1998.06.02"]
[SourceVersion "1"]
[SourceVersionDate "1998.06.02"]
[SourceQuality "1"]
[WhiteTeam "St Petersburg"]
[BlackTeam "Beer Sheva"]
[WhiteTeamCountry "RUS"]
[BlackTeamCountry "ISR"]

1. d4 Nf6 2. c4 e6 3. Nc3 d5 4. cxd5 Nxd5 5. e4 Nxc3 6. bxc3 c5 7. a3 cxd4 (
7... Be7 8. Bd3 (8. Nf3 b6 (8... O-O $5 9. Bd3 Qc7 10. O-O Nc6 11. d5 Ne5 12.
Bf4 Nxf3+ 13. Qxf3 e5 14. Bd2 c4 $11 {1/2-1/2 Euwe,M-Donner,J/NLD-ch m 1956 
(23)}) 9. Bd3 Bb7 10. O-O O-O 11. Bf4 cxd4 12. cxd4 Bd6 13. Be3 Nd7 14. e5 Be7
15. a4 Rc8 16. a5 Bxf3 17. Qxf3 Nxe5 18. Bxh7+ Kxh7 19. dxe5 $14 {1-0 Averbakh,
Y-Bannik,A/URS-ch28 1961 (38)}) 8... Qc7 9. Ne2 Nc6 10. O-O O-O 11. Qc2 Rd8 12.
e5 g6 13. Be3 c4 $6 14. Be4 b5 15. Ng3 Rb8 16. f4 $40 {1-0 Ruhrberg,
M-Eschenbrenner,W/Hessen qual 1990 (26)}) 8. cxd4 e5 $1 $146 (8... Nc6 9. Nf3
Be7 10. Bc4 O-O 11. O-O b6 12. Qd3 Bb7 13. Ba2 Rc8 14. Rd1 Qc7 15. Bb2 Na5 16.
Rac1 Qd6 17. h4 Rxc1 18. Rxc1 Rc8 19. Rxc8+ Bxc8 20. d5 $14 {Lipinsky,F-Kovacs,
A/TTIM Feb, Szeged HUN 1998/1-0 (52)}) (8... Be7 9. Nf3 O-O 10. Bd3 $5 (10. Bc4
b6 11. Qe2 Bb7 12. O-O Nc6 13. Bb2 Na5 14. Bd3 Re8 15. Rfe1 Bf6 16. Rad1 $13 {
0-1 Hracek,Z-Van der Sterren,P/BL9596 1996 (38)}) (10. Be2 $6 b6 11. O-O Bb7
12. Qd3 Nc6 $11 {1/2-1/2 Petrosian,T-Sanchez,L/Saltsjobaden izt 1952 (23)})
10... Nc6 11. Bb2 Qa5+ 12. Kf1 Rd8 13. Qe2 (13. h4 $1 b6 14. Qe2 Bb7 15. Rh3 (
15. Rd1 Bf8 16. Rh3 Rac8 17. Kg1 Ne7 18. h5 h6 19. d5 exd5 20. e5 $40 {1-0
Bareev,E-Hracek,Z/Pardubice 1994 (31)}) 15... Bc5 16. d5 Ne7 17. Ng5 Ng6 18.
Qh5 $16 {1-0 Babula,V-Hausner,I/CZE-chT9495 1995 (32)}) 13... b6 14. Rd1 g6 15.
Kg1 Bf8 16. Bc4 Ne7 17. h4 Bb7 18. h5 Rac8 19. hxg6 Nxg6 $13 {0-1 Hoerstmann,
R-Homs,G/Computerij op 1997 (33)}) 9. d5 $5 (9. Nf3 $6 exd4 10. Bc4 Be7 $11) (
9. dxe5 Qa5+ $1 (9... Qxd1+ 10. Kxd1 Nc6 11. f4 Bc5 $44) 10. Bd2 Qxe5 11. Bd3
Bg4 $1 12. f3 Be6 $11) 9... Bd6 $5 {[%csl Gc5][%cal Yb8d7,Yd7c5] /\0-0,Nd7-c5}
10. Nf3 (10. Ne2 $6 O-O 11. Ng3 g6 $1 $15) 10... O-O 11. Be2 Nd7 12. O-O $6 (
12. Be3 $1 Nc5 13. Nd2 (13. Bxc5 $2 Bxc5 14. Nxe5 Re8 15. Nd3 Bd4 $15) (13.
Nxe5 $2 Bxe5 14. Bxc5 Bxa1 15. Qxa1 $8 (15. Bxf8 $4 Bc3+ $19) 15... Re8 $15)
13... Bd7 14. a4 (14. Nc4 $2 Nxe4 {[%cal Gb7b5] /\b5}) 14... Rc8 $6 (14... Qa5
$6 15. O-O {[%cal Gd2c4]} Bxa4 $4 16. Bxc5 $18) (14... Qe8 $1 15. Nc4 $6 (15.
a5 $5) 15... Nxe4 16. Qb1 f5 17. f3 Nc3 18. Nxd6 Qg6 $1 $36) 15. O-O $14) 12...
Nc5 13. Bb2 Qe7 $11 (13... Nxe4 $6 14. Nxe5 Re8 15. Nf3 $1 $14 (15. Nc4 $6 Bc5
$13)) 14. Nd2 $2 (14. Qc2 $5 b6 (14... Bd7 $6 15. Bxe5 $1 Bxe5 16. Nxe5 Qxe5 (
16... Ba4 $6 17. Qc3 Nxe4 18. Qd4 $14) 17. Qxc5 Qxe4 18. Bf3 $14) 15. a4 $5 $11
) 14... b5 $1 $15 {[%csl Rb5][%cal Gb5c4,Gb5a4]} 15. Bc3 (15. Bxb5 $4 Rb8 {
[%cal Gb8b2]} 16. a4 a6 $19) (15. Qc2 $5) 15... Bd7 16. Rb1 Na4 17. Ba1 (17.
Bb4 $6 Bxb4 18. Rxb4 $8 Nc3 19. Qe1 a5 20. Rb3 Rfc8 21. Bc4 $1 b4 $15) 17... a6
18. Bg4 Rac8 (18... Bxg4 $2 19. Qxg4 Bxa3 $6 20. f4 $44 (20. Nf3 $5 {[%cal
Gf3h4,Gh4f5,Gf2f4,Ga1g7] /\Nh4-f5,f4})) 19. Bxd7 Qxd7 20. Rb3 $5 {[%csl Yb3]
[%cal Gb3g3,Gg3g7]} f6 21. Rg3 Rc5 $6 (21... Nb6 $1 {[%csl Ra3,Yb6][%cal Gb6c4]
} 22. Nf3 Nc4 23. Nh4 $15) 22. Nb3 $1 $11 Rc4 (22... Rc7 $2 23. Na5 $14 {
[%cal Ga5c6]}) 23. Nd2 (23. Re1 $6 Nc5 $1 24. Nd2 Ra4 $15) 23... Rc5 24. Nb3
Rc4 25. Nd2 Rc7 26. Nf3 $1 {/\Nh4-f5} Rc4 $1 $11 {[%csl Ga4,Re4][%cal Ga4c5] 
(27.Nd2=)} 1/2-1/2

[Event "BCF-chT 9899 (4NCL)"]
[Site "England"]
[Date "1998.10.25"]
[Round "2.2"]
[White "Gurevich, Mikhail"]
[Black "Parker, Jonathan"]
[Result "1-0"]
[WhiteElo "2610"]
[BlackElo "2515"]
[Annotator "Gurevich,M"]
[PlyCount "87"]
[EventDate "1998.10.??"]
[EventType "team"]
[EventRounds "11"]
[EventCountry "ENG"]
[SourceTitle "CBM 068"]
[Source "ChessBase"]
[SourceDate "1999.02.01"]
[SourceVersion "1"]
[SourceVersionDate "1999.02.01"]
[SourceQuality "1"]
[WhiteTeam "Slough"]
[BlackTeam "BIG"]
[WhiteTeamCountry "ENG"]
[BlackTeamCountry "ENG"]

1. d4 d5 2. c4 e6 3. Nc3 Nf6 4. Nf3 Nbd7 5. cxd5 exd5 6. Bf4 c6 7. e3 Nh5 8.
Bd3 $5 {TN} (8. Be5 Nxe5 9. Nxe5 g6 10. Bd3 Bd6 11. O-O O-O 12. f4 Ng7 13. Qf3
f6 14. Ng4 Bxg4 15. Qxg4 f5 $15 {0-1 Belov,I-Margolin,B/it b VIII Voskresensk
RUS 1993 (55)}) 8... Nxf4 9. exf4 Qe7+ $6 (9... Bd6 10. Ne5 O-O (10... Qb6 11.
Qe2 O-O 12. O-O-O $36) 11. O-O Nf6 $13) 10. Kf1 $1 Nb6 (10... Qf6 11. Qe2+ Be7
12. Re1 $36) 11. Qd2 Qf6 12. Re1+ Kd8 13. h4 $1 {[/\ 14.g3, 15.Kg2]} Bd6 14. g3
Bd7 15. Kg2 (15. Qc2 $5) 15... Kc7 16. Qc2 Raf8 (16... a6 17. a4 $36) 17. Nb5+
Kb8 18. Nxd6 Qxd6 19. Ne5 $14 Be8 20. b3 $1 {[/\21.Re3, 22.Rhe1]} (20. Re3 $6
f6 21. Nf3 Nc4 $5 22. Bxc4 dxc4 23. Qxc4 Bf7 $44) 20... Nc8 21. Re3 f6 22. Nf3
g6 23. Rhe1 Bf7 24. f5 Rhg8 25. Qc5 $1 Re8 $6 (25... Qxc5 26. dxc5 b6 27. b4 a5
28. a3 $16) (25... b6 26. Qc1 $1 $14) 26. Rxe8 Rxe8 27. Rxe8 Bxe8 {[#]} 28. Qc1
$3 $16 {[/\29.Qh6]} gxf5 (28... Qf8 29. Qf4+ Nd6 30. fxg6 hxg6 31. Ne5 $16) 29.
Qh6 (29. Bxf5 Bg6 $13) 29... Bd7 30. Qxh7 f4 $5 31. gxf4 $138 (31. h5 fxg3 32.
h6 gxf2 33. Qg8 f1=Q+ 34. Bxf1 $16) 31... Ne7 32. Kg3 (32. h5 Qxf4 33. Qxe7
Qg4+ 34. Kf1 Qxf3 35. Qxd7 Qxd3+ 36. Kg2 $18) 32... Qe6 33. f5 Qd6+ (33...
Nxf5+ 34. Qxf5 Qxf5 35. Bxf5 Bxf5 36. Nh2 $1 Kc7 37. Ng4 $18) 34. Kg4 $16 c5
35. dxc5 Qxc5 36. Qh8+ Nc8 37. Qxf6 Qxf2 38. Qe5+ Ka8 39. h5 d4 40. Qe2 $18 (
40. Qxd4 Qg2+ 41. Kf4 Bc6 42. Be4 $18) 40... Bxf5+ 41. Kxf5 Qg3 42. h6 Qh3+ 43.
Kg6 Qg4+ 44. Ng5 1-0

[Event "ESP-chT"]
[Site "Lanzarote"]
[Date "2003.05.11"]
[Round "6.1"]
[White "Gurevich, Mikhail"]
[Black "Korneev, Oleg"]
[Result "1-0"]
[WhiteElo "2635"]
[BlackElo "2606"]
[Annotator "Gurevich,M"]
[PlyCount "119"]
[EventDate "2003.05.06"]
[EventType "team"]
[EventRounds "9"]
[EventCountry "ESP"]
[SourceTitle "CBM 094 Extra"]
[Source "ChessBase"]
[SourceDate "2003.07.09"]
[SourceVersion "2"]
[SourceVersionDate "2003.07.09"]
[SourceQuality "1"]
[WhiteTeam "La Caja de Canarias"]
[BlackTeam "Cajacanarias"]
[WhiteTeamCountry "ESP"]
[BlackTeamCountry "ESP"]

1. d4 d5 2. c4 e6 3. Nc3 Be7 4. cxd5 exd5 5. Bf4 Nf6 6. e3 Bf5 7. Nge2 O-O 8.
Ng3 Be6 9. Bd3 c5 10. dxc5 Bxc5 11. O-O Nc6 12. Rc1 Bd6 (12... d4 $5) 13. Nh5 (
13. Bxd6 Qxd6 14. Qa4 a6 15. Rfd1 Rfd8 16. a3 Rac8 17. Qh4 Ne5 18. h3 h6 19.
Nh5 Nxh5 20. Qxh5 Nxd3 21. Rxd3 Qb6 22. Qe2 d4 23. Rxd4 Rxd4 24. exd4 Qxd4 25.
Rd1 Qf4 26. Qd2 Qxd2 27. Rxd2 {1/2-1/2 Touzane,O-Shchekachev,A/Montpellier
2000/EXT 2001 (27)}) 13... Nxh5 {TN} (13... Be7 {-Kasparov,G-Yusupov,A Linares
1993}) 14. Bxd6 Qxd6 15. Qxh5 g6 16. Qh4 a6 $5 (16... Qe5 17. Bb5 $5 {/\} d4
18. Ne4 Qxb5 19. Rc5 Qxb2 $2 (19... Qe2 {Fritz} 20. Nf6+ Kg7 21. Nh5+ Kg8 (
21... Qxh5 22. Rxh5 gxh5 $11) 22. Qf6 Qxh5 23. Rxh5 gxh5 $11) 20. Nf6+ Kg7 21.
Nh5+ $18 {Kasparov,G}) 17. Rfd1 Rfd8 18. Be2 Qe5 (18... d4 19. Bf3 d3 20. Rd2
$14) 19. Bf3 $14 Kg7 20. Na4 $5 Rab8 21. b3 Qf6 $5 22. Qg3 $5 (22. Qxf6+ Kxf6 {
(/\23...Ke5)} 23. Nc5 Ne5 24. Be2 a5 $11) 22... Ne5 (22... Qe5 23. Nc5 Qxg3 24.
hxg3 Ne5 25. b4 $5 $14) 23. Be2 Rbc8 24. Nc5 $16 b6 (24... Rb8 25. f4 Nd7 (
25... Nc6 26. Nxb7 Rxb7 27. Rxc6 $18) 26. Nxd7 Bxd7 (26... Rxd7 27. f5 $18))
25. Nxa6 Rxc1 26. Rxc1 Bf5 27. Qf4 $2 $138 (27. Nc7 {(/\Nc7-b5-d4)} Rc8 (27...
d4 28. exd4 Rxd4 29. Ne8+) 28. Ba6 Rd8 29. Bf1 $18) 27... d4 $1 28. exd4 Nd3 $2
(28... Rxd4 29. Qe3 Re4 30. Qd2 Rd4 $132) 29. Bxd3 Rxd4 30. Qc7 $6 (30. Nc7 $1
Rxf4 31. Ne8+ Kf8 (31... Kh6 32. Nxf6 Bxd3 33. Nd5 $18) 32. Nxf6 Bxd3 33. Nd7+
Ke7 34. Nxb6) 30... Bxd3 31. Nb8 Bb5 32. a4 Rd2 $132 33. Qg3 Rd3 (33... Rc2 34.
Re1 Rc3 35. Qg4 Rc2 $132) 34. Qg4 $5 Rd2 $4 $138 35. axb5 Qxf2+ 36. Kh1 $18 Rb2
37. Qh3 Rc2 38. Rg1 Qd2 39. Qg3 Rc5 40. Nc6 Rxb5 41. b4 Rg5 42. Qf3 Rf5 43. Qe4
h5 44. h3 Rf4 45. Qe5+ Kh7 46. Qb8 Qf2 47. Ne7 Re4 48. Qg8+ Kh6 49. Qh8+ Kg5
50. Qd8 Re1 51. Nc6+ (51. Ng8+ f6 52. Qd5+ Re5 $18) 51... Kh6 52. Rxe1 Qxe1+
53. Kh2 Qf2 54. Qh8+ Kg5 55. Qe5+ Kh6 56. Ne7 f6 57. Qe4 f5 58. Qe5 Qd2 59. Qg3
g5 60. Qe5 1-0